000 00650nam a2200229 a 4500
001 14244
003 BD-JhCC
005 20250224114932.0
008 250224b1991 e a|||| ||a| 001 0 eng d
020 _a 9780471517726
035 _a(BD-JhCC)14244
040 _aBD-JhCC
_dBD-JhCC
041 _aenglish
082 _a621.3815
_bTYA 1991
100 _a Tyagi,M. S.
245 _aIntroduction to semiconductor materials and devices /
_cM. S. Tyagi.
260 _aLondon:
_b J. Wiley & Sons;
_c1991.
300 _axvii, 669 p. :
_bill. ;
_c26 cm.
650 _a Semiconductors
_zSemi-conducteursSemi-conducteurs
942 _2ddc
_cBK
999 _c14244
_d14244